Football Teams David Villa Played For - Statistics

General Stats
  • This quiz has been taken 93 times
  • The average score is 5 of 9
Answer Stats
League Years Team % Correct
Spain 2010-2013 FC Barcelona
100%
Spain 2005-2010 Valencia CF
84%
Spain 2013-2014 Atlético de Madrid
79%
USA 2014-2019 New York City FC
68%
Japan 2019-2020 Vissel Kobe
66%
Australia 2014 Melbourne City FC
49%
Spain 2003-2005 Real Zaragoza
34%
Spain 2001-2003 Real Sporting de Gijón
27%
Spain 2000-2001 Sporting Atlético
27%
No matching quizzes found
Score Distribution
Percent of People with Each Score
Percentile by Number Answered
Your Score History
You have not taken this quiz